书目信息 |
| 题名: |
电子技术基础
|
|
| 作者: | 康华光 主编 ;华中科技大学 编 | |
| 分册: | 数字部分 | |
| 出版信息: | 北京 高等教育出版社 2006.01 |
|
| 页数: | 536页 | |
| 开本: | 23cm | |
| 丛书名: | ||
| 单 册: | ||
| 中图分类: | TN01 | |
| 科图分类: | ||
| 主题词: | 数字电路--shu zi dian lu--电子技术--高等教育--教材 | |
| 电子资源: | ||
| ISBN: | 7-04-017790-0 | |
| 000 | 01025nam0 2200265 450 | |
| 001 | 012006892491 | |
| 005 | 20181217150841.22 | |
| 010 | @a7-04-017790-0@dCNY39.90 | |
| 100 | @a20060727d2006 km y0chiy0120 ea | |
| 101 | 0 | @achi |
| 102 | @aCN@b110000 | |
| 105 | @aa a 001yy | |
| 200 | 1 | @a电子技术基础@Adian zi ji shu ji chu@i数字部分@f康华光主编@Fkang hua guang zhu bian@g华中科技大学电子技术课程组编@Ghua zhong ke ji da xue dian zi ji shu ke cheng zu bian |
| 205 | @a第5版 | |
| 210 | @a北京@c高等教育出版社@d2006.01 | |
| 215 | @a536页@c图@d23cm | |
| 320 | @a有书目 (第524-525页) 和索引 | |
| 330 | @a本书内容包括:数字逻辑概论、逻辑代数与硬件描述语言基础、逻辑门电路、组合逻辑电路、锁存器和触发器、复杂可编程器件等。 | |
| 517 | 1 | @a数字部分@Ashu zi bu fen |
| 606 | 0 | @a数字电路@Ashu zi dian lu@x电子技术@x高等教育@j教材 |
| 690 | @aTN01@v4 | |
| 701 | 0 | @a康华光@Akang hua guang@4主编 |
| 712 | 02 | @a华中科技大学@Ahua zhong ke ji da xue@b电子技术课程组@4编 |
| 801 | 0 | @aCN@c20110401 |
| 905 | @a10447@dTN01@eK241 | |
| 电子技术基础.数字部分/康华光主编/华中科技大学电子技术课程组编.-第5版.-北京:高等教育出版社,2006.01 |
| 536页:图;23cm |
| ISBN 7-04-017790-0:CNY39.90 |
| 本书内容包括:数字逻辑概论、逻辑代数与硬件描述语言基础、逻辑门电路、组合逻辑电路、锁存器和触发器、复杂可编程器件等。 |
| ● |
| 相关链接 |
|
|
|
正题名:电子技术基础
索取号:TN01/K241
 
预约/预借
| 序号 | 登录号 | 条形码 | 馆藏地/架位号 | 状态 | 备注 |
| 1 | 1236126 | 212361264 | 期刊室512/301自科库 17排1列4层/ [索取号:TN01/K241] | 在馆 | |
| 2 | 1236144 | 212361442 | 自科库301/301自科库 17排1列4层/ [索取号:TN01/K241] | 在馆 | |
| 3 | 1236172 | 212361727 | 自科二线404/404自科库 11排1列6层/ [索取号:TN01/K241] | 在馆 | |
| 4 | 1236261 | 212362619 | 自科二线404/404自科库 11排1列6层/ [索取号:TN01/K241] | 在馆 | |
| 5 | 1301599 | 213015994 | 自科库301/301自科库 23排4列2层/ [索取号:TN01/K241] | 在馆 | |
| 6 | 461072 | 204610723 | 自科二线404/404自科库 9排6列2层/ [索取号:TN01/K241] | 在馆 | |
| 7 | 462752 | 204627528 | 自科二线404/404自科库 11排1列6层/ [索取号:TN01/K241] | 在馆 | |
| 8 | 462753 | 204627537 | 自科二线404/404自科库 9排6列2层/ [索取号:TN01/K241] | 在馆 | |
| 9 | 462754 | 204627546 | 自科二线404/404自科库 11排1列6层/ [索取号:TN01/K241] | 在馆 | |
| 10 | 462755 | 204627555 | 自科二线504/504自科库 21排1列1层/ [索取号:TN01/K241] | 在馆 | |
| 11 | 462756 | 204627564 | 自科二线404/404自科库 9排6列2层/ [索取号:TN01/K241] | 在馆 | |
| 12 | 462809 | 204628091 | 自科二线504/504自科库 7排4列2层/ [索取号:TN01/K241] | 在馆 | |
| 13 | 462810 | 204628108 | 自科二线404/404自科库 11排1列6层/ [索取号:TN01/K241] | 在馆 | |
| 14 | 462811 | 204628117 | 自科二线504/504自科库 7排4列2层/ [索取号:TN01/K241] | 在馆 | |
| 15 | 462812 | 204628126 | 自科二线504/504自科库 21排1列1层/ [索取号:TN01/K241] | 在馆 | |
| 16 | 462813 | 204628135 | 自科二线404/404自科库 9排6列3层/ [索取号:TN01/K241] | 在馆 | |
| 17 | 464974 | 204649746 | 自科二线404/404自科库 9排6列2层/ [索取号:TN01/K241] | 在馆 | |
| 18 | 471104 | 204711044 | 自科二线504/504自科库 8排1列5层/ [索取号:TN01/K241] | 在馆 | |
| 19 | 471105 | 204711053 | 自科二线504/504自科库 8排1列5层/ [索取号:TN01/K241] | 在馆 | |
| 20 | 471106 | 204711062 | 自科二线504/504自科库 21排1列1层/ [索取号:TN01/K241] | 在馆 | |
| 21 | 489029 | 204890298 | 自科二线504/504自科库 22排2列5层/ [索取号:TN01/K241] | 在馆 | |
| 22 | 489704 | 204897040 | 自科二线504/504自科库 17排2列2层/ [索取号:TN01/K241] | 在馆 | |
| 23 | 489705 | 204897059 | 自科二线504/504自科库 17排2列2层/ [索取号:TN01/K241] | 在馆 | |
| 24 | 596937 | 205969371 | 自科二线404/404自科库 9排6列2层/ [索取号:TN01/K241] | 在馆 | |
| 25 | 596938 | 205969380 | 自科库301/301自科库 23排4列2层/ [索取号:TN01/K241] | 在馆 | |
| 26 | 596939 | 205969399 | 自科二线404/404自科库 11排1列6层/ [索取号:TN01/K241] | 在馆 |